[Event "COL-ch disabled 2nd"]
[Site "Cali"]
[Date "2008.10.27"]
[Round "5.13"]
[White "Novoa, Luis Efrain"]
[Black "Aguilar Nino, Reynaldo"]
[Result "1-0"]
[WhiteElo "1600"]
[BlackElo "1600"]
[PlyCount "31"]
[EventDate "2008.10.25"]
[EventType "swiss"]
[EventRounds "7"]
[EventCountry "COL"]
[SourceTitle "EXT 2024"]
[Source "ChessBase"]
[SourceDate "2023.10.10"]
[SourceVersion "1"]
[SourceVersionDate "2023.10.10"]
[SourceQuality "1"]

1. Nf3 Nc6 2. Nc3 e5 3. d4 Bb4 4. Bd2 Qe7 5. Nd5 Qd8 6. Bxb4 a5 7. Bc3 Nf6 8. dxe5 Ne4 9. Qd3 Nc5 10. Qf5 d6 11. Qg5 Qd7 12. Qxg7 Rf8 13. Nf6+ Kd8 14. Nxd7 Nxd7 15. Rd1 Ndxe5 16. Bxe5 1-0

[Event "COL-ch disabled 2nd"]
[Site "Cali"]
[Date "2008.10.27"]
[Round "6.7"]
[White "Novoa, Luis Efrain"]
[Black "Riveros Ramirez, William Alonso"]
[Result "0-1"]
[WhiteElo "1600"]
[BlackElo "1625"]
[PlyCount "50"]
[EventDate "2008.10.25"]
[EventType "swiss"]
[EventRounds "7"]
[EventCountry "COL"]
[SourceTitle "EXT 2024"]
[Source "ChessBase"]
[SourceDate "2023.10.10"]
[SourceVersion "1"]
[SourceVersionDate "2023.10.10"]
[SourceQuality "1"]

1. Nf3 Nc6 2. d4 d5 3. Be3 Nf6 4. Nc3 Bf5 5. a3 e6 6. Bd2 Bd6 7. e3 a6 8. h3 0-0 9. Bd3 Bxd3 10. cxd3 e5 11. Qe2 exd4 12. exd4 Re8 13. Be3 Nh5 14. 0-0 Nf4 15. Qd2 Qf6 16. Bxf4 Bxf4 17. Qd1 Rad8 18. Qb3 Nxd4 19. Nxd4 Qxd4 20. g3 Bxg3 21. Qc2 Bd6 22. Ne2 Qh4 23. Kg2 Re6 24. Ng3 Rg6 25. Rg1 Bxg3 0-1

[Event "COL-ch disabled 2nd"]
[Site "Cali"]
[Date "2008.10.26"]
[Round "3.14"]
[White "Novoa, Luis Efrain"]
[Black "Urrego Florez, Luis"]
[Result "1-0"]
[WhiteElo "1600"]
[BlackElo "1600"]
[PlyCount "48"]
[EventDate "2008.10.25"]
[EventType "swiss"]
[EventRounds "7"]
[EventCountry "COL"]
[SourceTitle "EXT 2024"]
[Source "ChessBase"]
[SourceDate "2023.10.10"]
[SourceVersion "1"]
[SourceVersionDate "2023.10.10"]
[SourceQuality "1"]

1. Nf3 Nc6 2. d4 e6 3. e4 d5 4. Nc3 dxe4 5. Nxe4 Nf6 6. Bd3 Nxd4 7. Be3 Nxf3+ 8. Qxf3 Bb4+ 9. c3 Qxd3 10. Nxf6+ Ke7 11. Rd1 Bxc3+ 12. bxc3 Qxc3+ 13. Bd2 Qxf6 14. g3 g5 15. g4 h5 16. h3 Qxf3 17. Bc3 f6 18. Rg1 Rf8 19. Bb4+ Kf7 20. Bxf8 Kxf8 21. Rd8+ Ke7 22. Rg8 f5 23. Rxc8 Rxc8 24. Rh1 c5 1-0